000 00743nam a2200265Ia 4500
005 20260302114033.0
008 008 260114s9999 xx 000 0 eng d
020 _a9781350409552
037 _aTextbook
040 _aCRL
040 _beng
040 _cCRL
041 _2eng
041 _aeng
084 _qCRL
100 _aKaterina Bantinaki, Efi Kyprianidou and Fotini Vassiliou
_91117569
245 0 _aEmpathy and the Aesthetic Mind Perspectives on Fiction and Beyond
260 _bBloomsbury
260 _bBloomsbury Academic
260 _c2025
650 _aPhilosophy
856 _uhttps://doi.org/10.5040/9781350409552?locatt=label:secondary_bloomsburyCollections
942 _cEBOOK
999 _c1681116
_d1681116